| 000 | 00498nam a22001577a 4500 | ||
|---|---|---|---|
| 003 | OSt | ||
| 005 | 20241118190743.0 | ||
| 008 | 241105b |||||||| |||| 00| 0 eng d | ||
| 040 | _cCentral University Library | ||
| 245 | _aThe Ghana Law Reports 1974 | ||
| 260 |
_aAccra, Ghana _bCouncil for Law Reporting _c1974 |
||
| 300 |
_axxx, 481 pages _c24 cm |
||
| 500 | _aCases determined by the High Court and the Court of Appeal of the Republic of Ghana. | ||
| 650 |
_2Law Reports _xGhana |
||
| 942 |
_2lcc _cBK _n0 |
||
| 999 |
_c661 _d661 |
||